الروض العاطر في نزهة الخاطر / (Record no. 14426)
[ view plain ]
| 000 -الفاتح | |
|---|---|
| حقل البيانات ثابتة الطول | 00999nam a22002057a 4500 |
| 008 - عناصر البيانات ثابتة الطول - معلومات عامة | |
| حقل البيانات ثابتة الطول | 100707s1993 xxu||||| |||| 00| 0 ara d |
| 020 ## - الرقم الدولى المعيارى للكتب | |
| الرقم الدولى المعيارى للكتاب | 1855130467 |
| 082 ## - رقم تصنيف ديوى العشرى | |
| رقم الطبعة | 22 |
| رقم التصنيف | 306.7 |
| رقم المادة | ن ف ز |
| 100 1# - المدخل الرئيسى - إسم شخصى | |
| 9 (RLIN) | 14939 |
| الإسم الشخصى | النفزاوي، أبي عبد الله محمد بن محمد |
| 245 ## - بيان العنوان | |
| العنوان | الروض العاطر في نزهة الخاطر / |
| بيان المسئوليه,etc | أبي عبد الله محمد بن محمد النفزاوي ؛ حققه ووضع هوامشة وعلق عليه جمال جمعة |
| 250 ## - بيان الطبعة | |
| بيان الطبعة | ط2. |
| 260 ## - PUBLICATION, DISTRIBUTION, ETC. (IMPRINT) | |
| مكان الناشر او الموزع | لندن : |
| اسم الناشر او الموزع | رياض الريس ، |
| تاريخ النشر أو التوزيع | 1993. |
| 300 ## - الوصف المادى | |
| التعداد | 188 ص : |
| أبعاد الوعاء | 24 سم. |
| 541 ## - تبصرة المصدر المباشر للتزويد | |
| مصدر التزويد | ألف باء ؛ |
| طريقة التزويد | شراء ؛ |
| 650 ## - المدخل الاضافى بالموضوع-مصطلح موضوعى | |
| 9 (RLIN) | 16027 |
| مصطلح موضوعي أو اسم جغرافي كعنصر مدخل | الجنس |
| 650 ## - المدخل الاضافى بالموضوع-مصطلح موضوعى | |
| 9 (RLIN) | 16028 |
| مصطلح موضوعي أو اسم جغرافي كعنصر مدخل | الجنس |
| التقسيم الفرعي العام | نصائح |
| 700 ## - المدخل الاضافى - اسم شخصى | |
| 9 (RLIN) | 14933 |
| الإسم الشخصى | جمعة، جمال |
| الدور | حققه ووضع هوامشه وعلق عليه |
| 942 ## - عناصر المدخل الإضافي( كوها) | |
| مصدر التصنيف او مخطط الترفيف | Dewey Decimal Classification |
| Koha [default] item type | Book - Borrowing |
| حالة التراجع | حالة الفقد | مصدر التصنيف او خطة الترفيف | حالة تلف | ليس للاعارة | مجموعات كوها | المكان الدائم | المكان الحالي | موقع الترفيف | تاريخ الاكتساب | Source of acquisition | رقم الاستدعاء | الباركود | Date last seen | نوع الوعاء |
|---|---|---|---|---|---|---|---|---|---|---|---|---|---|---|
| Dewey Decimal Classification | Alef-Baa | Central Library | Central Library | First floor | 07/07/2010 | 306.7 ن ف ر | 000021382 | 15/07/2025 | Book - Borrowing |